| 000 | 00601nam a22002057a 4500 | ||
|---|---|---|---|
| 999 |
_c3261 _d3261 |
||
| 003 | AR-CdUCM | ||
| 008 | 190306b ||||| |||| 00| 0 spa d | ||
| 040 |
_aMUNICIPALIDAD PROVINCIAL DEL CUSCO _cBIBLIOTECA MUNICIPAL DEL CUSCO |
||
| 082 |
_a828.87 / _bW56 |
||
| 100 |
_aWilde, Oscar _91401 |
||
| 245 | _aEl retrato de Dorian Gray / | ||
| 260 |
_aMéxico : _bEditora Nacional, |
||
| 300 |
_a275 paginas ; _c16 cm. |
||
| 500 | _aReimpresión 1173 | ||
| 650 |
_aNovelas inglesas _91158 |
||
| 650 |
_aSiglo XIX _9971 |
||
| 650 |
_aNovelas fantásticas _910878 |
||
| 942 |
_2ddc _cLIBROS |
||
| 945 | _arjall | ||